| 000 -ლიდერი |
| ფიქსირებული სიგრძის საკონტროლო ველი |
02248nam a2200313Ia 4500 |
| 001 - საკონტროლო ნომერი |
| საკონტროლო ველი |
20674 |
| 003 - საკონტროლო ნომრის იდენტიფიკატორი |
| საკონტროლო ველი |
GE_BSU |
| 005 - ბოლო ოპერაციის თარიღი და დრო |
| საკონტროლო ველი |
20210301000319.0 |
| 008 - ფიქსირებული სიგრძის მონაცემთა ელემენტები - ზოგადი ინფორმაცია |
| ფიქსირებული სიგრძის საკონტროლო ველი |
181216s2016||||ge |||||||||||||| ||geo|| |
| 020 ## - წიგნის საერთაშორისო სტანდარტული ნომერი |
| International Standard Book Number |
9789941949708 |
| 040 ## - კატალოგიზაციის წყარო |
| Transcribing agency |
GE_BSU |
| 041 ## - ენის კოდი |
| Language code of text/sound track or separate title |
geo |
| 080 ## - უნივერსალური ათობითი კლასიფიკაციის ინდექსი |
| Universal Decimal Classification number |
930.2:003.074(=353.1) ქ-27 |
| 245 ## - ცნობა სათაურის შესახებ |
| Title |
ქართული ისტორიული საბუთები IV- XVI საუკუნე (ქართლი და სამცხე-საათაბაგო) / |
| Statement of responsibility, etc |
ტომი შეადგინა და ქართული ტექსტები გამოსაცემად მოამზადა მზია სურგულაძემ ; სპარსული ტექსტები მოამზადა თამაზ აბაშიძემ ; ტომის რედაქტორები : ზაზა აბაშიძე, ელენე ცაგარეიშვილი. |
| 260 ## - გამოქვეყნების, გავრცელების, და სხვა. ცნობები |
| Place of publication, distribution, etc |
თბილისი |
| 260 ## - გამოქვეყნების, გავრცელების, და სხვა. ცნობები |
| Name of publisher, distributor, etc |
ხელნაწერთა ეროვნული ცენტრი |
| 260 ## - გამოქვეყნების, გავრცელების, და სხვა. ცნობები |
| Date of publication, distribution, etc |
2016 |
| 300 ## - ფიზიკური აღწერა |
| Extent |
746 გვ. : |
| Other physical details |
ტაბ. ; |
| Dimensions |
25 სმ. |
| 500 ## - ზოგადი შენიშვნა |
| General note |
საძიებლები : გვ. 483-550 |
| 501 ## - შენიშვნა თანმხლებ მასალაზე |
| With note |
ტაბულები გვ. 551-730 |
| 504 ## - BIBLIOGRAPHY, ETC. NOTE |
| Bibliography, etc |
ბიბლიოგრ. : გვ. 480-482 |
| 546 ## - LANGUAGE NOTE |
| Language note |
თავფურცელი მე-3 გვერდი ინგლისურ ენაზე ; რეზიუმე ინგლისურ ენაზე |
| 653 ## - INDEX TERM--UNCONTROLLED |
| Uncontrolled term |
ქართული ისტორიული საბუთები IV - XVI საუკუნე (ქართლი და სამცხე-საათაბაგო) |
| 700 ## - ADDED ENTRY--PERSONAL NAME |
| Personal name |
აბაშიძე, ზაზა |
| Relator term |
რედაქტორი |
| 9 (RLIN) |
10273 |
| 700 ## - ADDED ENTRY--PERSONAL NAME |
| Personal name |
ცაგარეიშვილი, ელენე |
| Relator term |
რედაქტორი |
| 9 (RLIN) |
10274 |
| 710 ## - ADDED ENTRY--CORPORATE NAME |
| Corporate name or jurisdiction name as entry element |
კორნელი კეკელიძის სახელობის საქართველოს ხელნაწერთა ეროვნული ცენტრი |
| 9 (RLIN) |
10266 |
| 710 ## - ADDED ENTRY--CORPORATE NAME |
| Corporate name or jurisdiction name as entry element |
საქართველოს ეროვნული არქივი |
| 9 (RLIN) |
10275 |
| 942 ## - ADDED ENTRY ELEMENTS (KOHA) |
| Koha item type |
წიგნი |
| Source of classification or shelving scheme |
|